000 01190nam a22003251a 4500
001 32983
003 BD-RjUL
005 20211209051928.0
008 140429r19401952njua 000 0 eng d
035 _a(BD-RjUL)33073
040 _aANL
_beng
_cANL
_dBD-RjUL
041 _aeng
082 0 4 _a791.447
_bCAI 1952
100 1 _aCantril, Hadley,
_d1906-1969.
_994887
245 1 4 _aThe invasion from Mars :
_ba study in the pscyhology of panic, with the complete script of the famous Orson Welles broadcast /
_cby Hadley Cantril, with the assistance of Hazel Gaudet & Herta Herzog.
260 _aPrinceton, N.J. :
_bPrinceton Univ. Press,
_c1940 [Reprinted 1952.]
300 _axv,228 p. ;
_c21 cm.
505 _aIncludes Index
600 1 0 _aWelles, Orson,
_d1915-1985.
_9100249
650 0 _aRadio broadcasting.
_950427
650 0 _aFear.
_9100241
650 0 _aPanic.
_9100242
650 0 _aRadio programs
_xPsychological aspects.
_9100243
700 1 _aHerzog, Herta.
_9100244
700 1 _aKoch, Howard.
_9100245
700 1 _aGaudet, Hazel.
_9100246
700 1 _aWells, H. G.
_q(Herbert George),
_d1866-1946.
_tWar of the worlds.
_9100247
942 _2ddc
_cBK
999 _c32983
_d32983